| 000 | 01229nam a2200241Ia 4500 | ||
|---|---|---|---|
| 003 | OSt | ||
| 005 | 20250611162411.0 | ||
| 008 | 191128s2018 ck a er 000 f spa d | ||
| 020 | _a9789588969657 | ||
| 040 |
_aCO-JMCR _cCO-JMCR |
||
| 041 | _aspa | ||
| 082 | 0 | 4 |
_aJ-N _bMENa |
| 100 | 1 |
_aMendoza, Miguel, _eautor _97609 |
|
| 245 | 1 | 0 |
_aEl asesinato de Edgar Allan Poe y otros misterios literarios / _cMiguel Mendoza ; ilustraciones Carolina Rodríguez Fuenmayor |
| 260 |
_aBogotá : _bRey Naranjo, _c2018 |
||
| 300 |
_a112 páginas : _bilustraciones a color ; _c21 cm. |
||
| 490 | 0 | _aLetras mil | |
| 500 | _aRecomendado para mayores de 12 años. Premio de libro de cuentos. Ciudad de Bogotá 2017. | ||
| 505 | _aNoche de brujas -- El asesinato de Edgar Allan Poe -- Fausto, el subtitulador -- Ruletenburgo -- Marlowe -- La vocación de Mary Godwin -- Regreso a Amitiville -- Ciudad gótica -- El elixir de Jekyll | ||
| 520 | _aHan asesinado a Edgar Allan Poe. El famoso detective Auguste Dupin tendrá que resolver el enigma más difícil de su carrera. Con sus habilidades deductivas iluminará ese rincón oscuro que habita en todos los seres humanos. | ||
| 650 | 1 | 4 |
_aAsesinatos en la literatura _97610 |
| 942 |
_2ddc _cBK |
||
| 999 |
_c4379 _d4379 |
||